000 00829nam a22002297a 4500
999 _c13419
_d13419
003 AR-CdUCM
008 190415b ||||| |||| 00| 0 spa d
040 _aMUNICIPALIDAD PROVINCIAL DEL CUSCO
_cBIBLIOTECA MUNICIPAL DEL CUSCO
082 _a345.2 /
_bZ52 / 1947
100 _aZavala Loaiza, Carlos
_931828
245 _aEl proceso penal y sus problemas /
260 _aLima :
_bTaller de linotipia,
_c1947
300 _a386 páginas ;
_c21 cm.
505 _aContenido: Los sistemas procesales penales -- De la prueba -- De las jurisdicciones -- La reforma procesal penal.
650 _aDerecho procesal penal
_98708
650 _aDerecho penal
_95831
650 _aPerú
_935
710 _aUniversidad Mayor De San Marcos
_917154
710 _aFacultad de derecho
_931829
942 _2ddc
_cLIBROS
945 _aacv
_d2019-04-15